| 000 | 01419cam a2200205 4500 | ||
|---|---|---|---|
| 001 | ##L136261 | ||
| 008 | 070122n2006 000 0 eng u | ||
| 035 | _a(Sirsi) u136261 | ||
| 041 | 0 | _aeng | |
| 050 | 0 | 4 | _a352.1 $2 18 |
| 110 | 2 |
_aSustainable Procurement Task Force _95104 |
|
| 245 | 0 | 0 |
_aProcuring the future _bsustainable procurement national action plan _brecommendations from the Sustainable Procurement Task Force _h[electronic resource] |
| 260 |
_aLondon _bDEFRA _c2006 |
||
| 520 | _aPresents the findings and recommendations of the Sustainable Procurement Task Force, whose objective was to focus on the social, economic and environmental dimensions of public procurement. Recommends that government lead by example, set clear priorities and remove barriers to sustainable procurement, whilst the public sector build capacity by developing its capabilities to deliver sustainable procurement and capture opportunities for innovation and social benefits. Also identifies three building blocks to underpin these actions; the flexible framework, prioritisation of spend, and specialist toolkits. | ||
| 650 | 2 | 4 | _aSUSTAINABLE PROCUREMENT NATIONAL ACTION PLAN |
| 651 | 4 |
_aUnited Kingdom _y |
|
| 690 | _aMANAGEMENT-BUSINESS MANAGEMENT-PROCUREMENT | ||
| 856 | 4 | 0 |
_uhttps://www.defra.gov.uk/publications/files/pb11710-procuring-the-future-060607.pdf _zView the item free of charge at www.defra.gov.uk |
| 942 | _n0 | ||
| 999 |
_c106350 _d106350 |
||